00894nam a2200265 i 4500001000300000100002100003245009000024260004400114300003400158504002200192650002200214650004200236655001800278710003300296020001500329040000800344041000800352080002600360920001800386942000700404008004100411999001700452856009800469952006100567bg1 aRAJCZYK, Marlena10aKosztorysowanie robót budowlanych /cMarlena Rajczyk ; Politechnika Cęstochowska. aCzęstochowa :bWydawnictwa PC,c2004. a[2], 143 s. :btab. ;c24 cm. aBibliogr. s. 143. 9aBudownictwoxceny 9aBudownictwoxkosztyxrachunkowość aPodręczniki 0aPolitechnika Częstochowska a8371932332 cBPK0 apol a657.47::69:338.5](07) a83-7193-233-2 cKS s pl f |000 0 pol  c44581d44581 uhttp://koha.tu.koszalin.pl/cgi-bin/koha/opac-detail.pl?biblionumber=44581yKatalog online BPK 00104070aBPKbBPKcwo71988p02176420s2014-10-28yKS